| 000 | 00617nam a2200229 i 4500 | ||
|---|---|---|---|
| 003 | DO-SdBNP | ||
| 005 | 20230519123056.0 | ||
| 007 | ta | ||
| 008 | 230412b2007 dr ||||| |||| 00| 0 spa d | ||
| 020 | _a9789945160918 | ||
| 040 |
_aDO-SdBNP _bspa _cBNPHU _erda |
||
| 082 | 4 | _222 | |
| 245 | 1 | 0 |
_aMi tierno vivir / _cAltagracia Ramírez |
| 264 |
_aSanto Domingo : _bCyberColor, _c2007. |
||
| 300 |
_a108 p. ; _c22 cm. |
||
| 336 |
_2rdacontent _atexto _btxt |
||
| 337 |
_2rdamedia _asin mediación _bn |
||
| 338 |
_2rdacarrier _avolumen _bnc |
||
| 590 | _aInventariado, 2023/BT | ||
| 910 | _aBtavárez | ||
| 942 |
_2ddc _cLBS1 |
||
| 999 |
_c53216 _d53216 |
||